International Economics. (Record no. 6137)

MARC details
005 - DATE AND TIME OF LATEST TRANSACTION
control field 20250628172132.0
020 ## - INTERNATIONAL STANDARD BOOK NUMBER
International Standard Book Number 0-324-05589-7
082 ## - DEWEY DECIMAL CLASSIFICATION NUMBER
Classification number 337 CAR
100 ## - MAIN ENTRY--PERSONAL NAME
Author name CARBAUGH, R. J.
245 ## - TITLE STATEMENT
Title International Economics.
250 ## - EDITION STATEMENT
Edition statement 8th Ed.
260 ## - PUBLICATION, DISTRIBUTION, ETC.
Place of publication, distribution, etc. New York,
Name of publisher, distributor, etc. Mc Graw-Hill Irwin,
Date of publication, distribution, etc. 2002.
300 ## - PHYSICAL DESCRIPTION
Extent xviii, 544p: ill.; figure
Other physical details Index
Dimensions 24cm
942 ## - ADDED ENTRY ELEMENTS (KOHA)
Source of classification or shelving scheme Dewey Decimal Classification
Koha item type Books
Holdings
Date last seen Total checkouts Full call number Barcode Cost, replacement price Price effective from Koha item type Lost status Source of classification or shelving scheme Damaged status Not for loan Withdrawn status Home library Current library Shelving location Date acquired Cost, normal purchase price
06/28/2025   337 CAR DOM0003478 204000.00 06/28/2025 Books   Dewey Decimal Classification       CBE Dodoma CBE Dodoma General Collection 05/26/2013 68000.00